Most Streamed Zach Bryan Songs - Statistics

General Stats
  • This quiz has been taken 491 times
    130 since last reset
  • The average score is 12 of 24
Answer Stats
Change Streams Song % Correct
30.93% 1,530,170,053 Something in the Orange
93%
48.00% 1,234,505,079 I Remember Everything
80%
139.00% 637,975,914 Pink Skies
80%
129.61% 301,076,452 28
73%
34.65% 507,022,087 Oklahoma Smokeshow
72%
36.15% 898,414,215 Heading South
69%
40.79% 489,816,588 Burn, Burn, Burn
68%
44.45% 407,201,135 Revival
65%
44.25% 171,355,857 East Side of Sorrow
57%
122.14% 325,813,670 Nine Ball
51%
37.99% 581,985,648 Sun to Me
48%
36.52% 277,928,555 Tourniquet
45%
32.05% 412,443,950 Dawns
44%
NEW 194,759,969 Open the Gate
43%
31.63% 392,680,262 Hey Driver
42%
27.07% 178,920,862 God Speed
40%
75.60% 308,852,624 Motorcycle Drive By
39%
48.04% 336,614,542 Spotless
33%
26.97% 312,881,629 From Austin
32%
33.56% 198,709,961 Heavy Eyes
31%
53.83% 255,671,296 Sarah's Place
31%
37.67% 158,901,306 November Air
22%
53.65% 256,999,618 The Good I'll Do
22%
21.64% 268,587,806 Condemned
21%
No matching quizzes found
Score Distribution
Percent of People with Each Score
Percentile by Number Answered
Your Score History
You have not taken this quiz since the last reset